|
|
|
|
| LEADER |
00000cam a2200000 a 4500 |
| 001 |
vtls011844096 |
| 003 |
SK-MaSNL |
| 005 |
20260301224040.0 |
| 008 |
250312s1954 xo 000 f hun |
| 015 |
|
|
|a SNBA19451955-007821
|
| 035 |
|
|
|a 8365FC85-9B24-4849-B401-D871E852133F
|
| 035 |
|
|
|a urn:nbn:sk:snk-am3icxo
|
| 035 |
|
|
|a urn:nbn:sk:snk-am00e3u2
|
| 040 |
|
|
|a SNK
|b slo
|c SNK
|e AACR2
|
| 041 |
0 |
|
|a hun
|
| 044 |
|
|
|a xo
|c SK
|
| 080 |
|
|
|a 894.511-3
|2 1981
|
| 100 |
1 |
|
|a Móricz, Zsigmond,
|d 1879-1942
|4 aut
|9 90190
|
| 245 |
1 |
0 |
|a Elbeszélések
|n 2. [rész.]
|c Móricz Zsigmond
|
| 250 |
|
|
|a Első kiadás
|
| 260 |
|
|
|a Bratislava
|b Csehszlovákiai magyar könyvkiadó
|c 1954
|e Košice
|f Pravda
|
| 300 |
|
|
|a 324, [4] s.
|c V. 8°
|
| 366 |
|
|
|e 3000 výtl.
|
| 500 |
|
|
|a Frontispice
|
| 655 |
|
7 |
|a maďarské romány
|2 SNKPH
|9 70321
|
| 852 |
|
|
|a Slovenská národná knižnica
|
| 954 |
|
|
|a beletria cudzojazyčná (svetová)
|2 lita
|
| 958 |
|
|
|a OND
|
| 958 |
|
|
|a RK
|
| 958 |
|
|
|a TL
|
| 999 |
|
|
|c 945849
|d 947779
|
| 952 |
|
|
|a SNK
|b SNK
|y PREZ
|7 0
|p 17A0758434
|o snkSC 4945/2
|i snk774/54
|0 0
|1 0
|4 0
|d 2019-03-05
|f 1
|l 0
|r 2025-07-04 00:00:00
|w 2026-02-24
|